| 000 | 00354nam a2200145Ia 4500 | ||
|---|---|---|---|
| 008 | 140316s9999 xx 000 0 und d | ||
| 020 | _a9382167692 | ||
| 082 |
_a813.1 _bKUN/KA |
||
| 100 | _aNiranjana | ||
| 245 | _aKaveri ente rektham | ||
| 260 |
_aThiruvananthapuram _bChintha Publishers _c2012 |
||
| 300 | _a200 | ||
| 650 | _anovel | ||
| 942 |
_2ddc _cBK |
||
| 999 |
_c13406 _d13406 |
||